La fuerza de los procedentes administrativos en el sistema jurídico del derecho positivo colombiano / (Registro nro. 3643)

Detalles MARC
000 -LEADER
fixed length control field 01474nam a2200265Ia 4500
003 - CONTROL NUMBER IDENTIFIER
control field OSt
005 - DATE AND TIME OF LATEST TRANSACTION
control field 20200813154504.0
008 - FIXED-LENGTH DATA ELEMENTS--GENERAL INFORMATION
fixed length control field 191128s2010 ck fr 000 0 spa d
020 ## - INTERNATIONAL STANDARD BOOK NUMBER
International Standard Book Number 9789587106206
040 ## - CATALOGING SOURCE
Original cataloging agency CO-JMCR
Transcribing agency CO-JMCR
041 0# - LANGUAGE CODE
Language code of text/sound track or separate title spa
082 04 - DEWEY DECIMAL CLASSIFICATION NUMBER
Classification number 344.2 /
Item number S237f
Edition number 23
100 1# - MAIN ENTRY--PERSONAL NAME
Personal name Santofimio Gamboa, Jaime Orlando,
Relator term autor
9 (RLIN) 508
245 13 - TITLE STATEMENT
Title La fuerza de los procedentes administrativos en el sistema jurídico del derecho positivo colombiano /
Statement of responsibility, etc. Jaime Orlando Santofinio
250 ## - EDITION STATEMENT
Edition statement Primera edición
260 ## - PUBLICATION, DISTRIBUTION, ETC.
Place of publication, distribution, etc. Bogotá :
Name of publisher, distributor, etc. Universidad Externado de Colombia,
Date of publication, distribution, etc. 2010
300 ## - PHYSICAL DESCRIPTION
Extent 76 páginas ;
Dimensions 24 cm.
490 0# - SERIES STATEMENT
Series statement Derecho administrativo ;
Volume/sequential designation N. 11
505 0# - FORMATTED CONTENTS NOTE
Formatted contents note El derecho administrativo en el sistema anglosajón. El "common law" en la base del precedente judicial. El concepto precedente administrativo en el trasfondo de la jurisprudencia constitucional sobre precedente judicial. La construcción del concepto propio
520 3# - SUMMARY, ETC.
Summary, etc. El presente estudio tiene como objeto determinar el alcance que el concepto de precedente ha adquirido en el ámbito de nuestro sistema de derecho positivo. Con ello se busca esclarecer si realmente el denominado precedente administrativo configura.
650 14 - SUBJECT ADDED ENTRY--TOPICAL TERM
Topical term or geographic name entry element Derecho administrativo
General subdivision aspectos jurídicos
Geographic subdivision Colombia
9 (RLIN) 8731
650 14 - SUBJECT ADDED ENTRY--TOPICAL TERM
Topical term or geographic name entry element Procedimiento administrativo
General subdivision aspectos jurídicos
Geographic subdivision Colombia
9 (RLIN) 8732
650 14 - SUBJECT ADDED ENTRY--TOPICAL TERM
Topical term or geographic name entry element Precedente judicial
General subdivision aspectos constitucionales
Geographic subdivision Colombia
9 (RLIN) 8733
942 ## - ADDED ENTRY ELEMENTS (KOHA)
Source of classification or shelving scheme Dewey Decimal Classification
Koha item type Books
Existencias
Withdrawn status Lost status Source of classification or shelving scheme Damaged status Not for loan Collection code Home library Current library Date acquired Source of acquisition Total Checkouts Full call number Barcode Date last seen Date last checked out Copy number Koha item type
    Dewey Decimal Classification     Non-fiction Biblioteca Pública José María del Castillo y Rada Biblioteca Pública José María del Castillo y Rada 07/12/2018 Donación 1 344.2 / S237f 201807518 05/16/2024 12/05/2023 Ej.1 Books